Rouen - Choix multiples - Statistiques

Statistiques générales
  • Ce quiz a été pris 579 fois
    148 depuis la dernière actualisation
  • Le résultat moyen est 7 sur 10
Statistiques - réponses
Question Réponse % Correct
Quel fleuve traverse Rouen? Seine
100%
Dans quelle région de France se trouve Rouen? Normandie
99%
Quelle sainte a été brûlée sur le bûcher sur la place principale de Rouen? Jeanne d'Arc
98%
Lequel de ces bâtiments est le Gros-Horloge de Rouen?
89%
Quel monument de la ville a été le sujet d'une série de peintures de Claude Monet? Cathédrale Notre-Dame
73%
Rouen est connue pour présenter de nombreux exemples de quel style architectural? Gothique
65%
Lequel de ces présidents français est né à Rouen? François Hollande
60%
Laquelle de ces affirmations concernant la foire de Saint-Romain est vraie? C'est le plus ancien de France
57%
Lequel de ces plats n'est pas typique de Rouen? Camembert
46%
Comment fut appelée la période durant laquelle Rouen fut bombardée pendant la Seconde Guerre mondiale? Semaine rouge
43%
Aucun quiz correspondant
Distribution des résultats
% des personnes avec chaque résultat
Percentile par nombre de réponses
Votre historique - résultats
Vous n’avez pas pris ce quiz depuis la dernière actualisation